• 首页
  • 本馆介绍
  • 公告通知
  • 最新文献
  • 馆藏检索
  • 电子资源
  • 读者导购
  • 参考咨询
  • 我的图书馆
  • 登录
  • 详细信息显示
  • 放入我的书架
  • 预约/预借图书
  • 作者相关作品
  • 分类相关作品
  • 丛书相关作品
  • 出版社相关作品

书目信息

  • 表格格式
  • 工作单格式
  • 卡片格式
书名: Contemporary logistics
作者: James C. Johnson ... [et al.]
分册号:
分册名:
出版地: NEW YORK :
 
出版社: Prentice Hall
出版时间: 1993.
页数: 563 p. :
开本: 25 cm.
丛书名:
中图分类号:
科图分类号:
其他分类号: F25
主题词:
电子资源:
000 01007nam 2200313 a 4500
001 E0754767633
003 OCoLC
005 20070423151853.64
008 001 0 eng
008 uu
008 001993
010    @a98026848
020    @a0-02-360851-X :@cUSD10.00.
040    @aDLC @cDLC @dC#P
049    @aN5LA
050 04 @aHF5415.6 @b.J6 1999
082 00 @a658.5 @221
090    @aF25
099    @dF25@ex16=5
245 00 @aContemporary logistics / @cJames C. Johnson ... [et al.]
250    @a5th ed.
260    @aNEW YORK :@bPrentice Hall,@c1993.
300    @a563 p. :@bill., maps ;@c25 cm.
500    @aPrevious ed. entered under James C. Johnson.
504    @aIncludes bibliographical references and indexes.
650  0 @aBusiness logistics.
650  0 @aPhysical distribution of goods.
700 1  @aJohnson, James C., @d1944- @b00 @c20020930 @lNLC09 @h2254 @b00 @c20021020 @lNLC09 @h2314 @lNLC09 @h0028 @lNLC09 @h2024
852 9  @bWWJC @k2-99 @hF253.4 @iC76/1999
    
    Contemporary logistics / / James C. Johnson ... [et al.].-5th ed.-NEW YORK : : Prentice Hall, , 1993.
    563 p. : : ill., maps ; ; 25 cm.
    Previous ed. entered under James C. Johnson.-Includes bibliographical references and indexes.
    
    ISBN 0-02-360851-X :USD10.00.
    
●
相关链接 在E读中查询图书 在五车中查询图书 在当当中查询图书 在豆瓣中查询图书


正题名:Contemporary logistics     索取号:F25/x16=5         预约/预借

序号 登录号 条形码 馆藏地/架位号 状态 备注
1 4833   300048339   第二样本阅览室/ [索取号:F25/x16=5] 在馆    
2 4834   300048348   第四借阅区/ [索取号:F25/x16=5] 在馆    
唐山师范学院图书馆 欢迎您!
大连网信软件有限公司© 版权所有